Argentina: la república conservadora

Salvato in:
Dettagli Bibliografici
Autori principali: Gallo, Ezequiel (Autore), Cortés Conde, Roberto (Autore)
Natura: Libro
Lingua:spagnolo
Pubblicazione: Buenos Aires Paidós 1987
Serie:Colección historia Argentina, 5
Soggetti:
Tags: Aggiungi Tag
Nessun Tag, puoi essere il primo ad aggiungerne!!

MARC

LEADER 00000nam a2200000 a 4500
001 UCX1545
003 CL-VaPUC
008 900924e19870000AG |||||||||||||||||spa|d
082 0 4 |a 982.05  |b GAL  |2 21 
100 |a Gallo, Ezequiel  |e author  |9 318218 
700 0 |a Cortés Conde, Roberto  |e author  |9 317084 
245 1 0 |a Argentina: la república conservadora 
300 |a 247 p 
942 |c BK 
945 |d 19900924 00:00:00 
260 |a Buenos Aires  |b Paidós  |c 1987 
650 0 |a Política  |9 255312 
650 7 |a HISTORIA 1875-1890  |2 CL-VaPUC  |9 317085 
651 0 |a Argentina  |9 254888 
583 |a last modification  |c 19900924 00:00:00  |k Rodrigo Vera 
490 0 |a Colección historia Argentina, 5 
999 |c 222750  |d 222748 
952 |0 0  |1 0  |4 0  |6 982_050000000000000_GAL_1987  |7 0  |8 A  |9 217914  |a BIBHIS  |b BIBHIS  |d 2019-11-15  |i 286777K  |o 982.05 GAL 1987  |p 286777K  |r 2025-01-20  |w 2019-11-15  |y BK  |k HIS